000 00542nam a2200217Ia 4500
003 OSt
005 20220923230813.0
006 a|||||r|||| 00| 0
007 ta
008 Pun
024 _a305,673
037 _cTextual
040 _aARTS
_cARTS
_bPun
041 _2Pun
_aPun
082 _aQ8441:2xK21j, 153L6
100 _aਪ੍ਰੀਤਮ ਸਿੰਘ
245 0 _aਨਉ ਨਿਧਿ
260 _c1976
942 _hQ8441:2xK21j, 153L6
_cTEXL
_2CC
999 _c387463
_d387463